Dictionary of festivals

Saved in:
Bibliographic Details
Main Author: Cooper, Jean C.
Format: Book
Language:English
Published: London : Thorsons, c1990
Subjects:
Tags: Add Tag
No Tags, Be the first to tag this record!

MARC

LEADER 00000nam a2200000 i 4500
001 1/70638
008 990226s1990 eng d
020 |a 0-7225-3193-1 
035 |l 10048152 
040 |a GR-MY-UA  |b gre  |e aacr 
041 0 |a eng 
082 0 |a 394.26 
100 1 |a Cooper, Jean C. 
245 1 0 |a Dictionary of festivals /  |c J. C. Cooper 
260 |a London :   |b Thorsons,   |c c1990 
300 |a 231 p. 
504 |a Includes bibliographical references 
650 0 0 |a Festivals  |x Dictionaries. 
650 0 0 |a Manners and customs  |x Dictionaries. 
852 |a INST  |b LESVOS  |e 19990226  |h 394.26 COO  |p 005100021058  |q 005100021058  |t REF  |y 23 
901 |a BIBL1-2000-1 
909 |a Λ  |b 061315 
922 |a 1ΕΛΗ  |b 199811  |c ΚΠΣ/ΤΚ  |d ΠΑΠΑΣΩΤΗΡΙΟΥ 
950 |a 103-1998-07-27 
970 |a ΤΖΑΦΕΡΗ  |b ΕΥΑΓΓΕΛΙΑ  |z 2000/02/28